U.S. Trade Deficit : Role of Foreign Governments.

Examines changing causes for the U.S. trade deficit in the 1990s and 2000s, focusing on the roles of private saving, the Federal budget deficit, and foreign capital inflows to the U.S.; and analyzes the effect of these trends on U.S. economy.

Bibliographic Details
Corporate Authors: Library of Congress. Congressional Research Service, ProQuest (Firm)
Format: eBook
Language:English
Published: [Place of publication not identified] : [publisher not identified], 2006.
Series:U.S. Congressional Research.
Subjects:
Online Access:Connect to the full text of this electronic book

MARC

Tag First Indicator Second Indicator Subfields
LEADER 00000cam a22000001a 4500
001 in00003337101
006 m d f
007 cr bn mmmapmmp
008 101209s2006 dcu o f000 0 eng d
005 20260501144052.7
035 |a cis2007856178 
040 |a ProQuest  |c ProQuest  |d UtOrBLW 
043 |a n-us--- 
099 |a CRS-2006-GVF-0526 
110 2 |a Library of Congress.  |b Congressional Research Service. 
245 1 0 |a U.S. Trade Deficit :  |b Role of Foreign Governments. 
264 1 |a [Place of publication not identified] :  |b [publisher not identified],  |c 2006. 
300 |a 1 online resource. 
336 |a text  |b txt  |2 rdacontent 
337 |a computer  |b c  |2 rdamedia 
338 |a online resource  |b cr  |2 rdacarrier 
500 |a Record is based on bibliographic data in ProQuest U.S. Congressional Research Digital Collection (last viewed Dec. 2010). Reuse except for individual research requires license from ProQuest, LLC. 
500 |a CRS Report. 
520 |a Examines changing causes for the U.S. trade deficit in the 1990s and 2000s, focusing on the roles of private saving, the Federal budget deficit, and foreign capital inflows to the U.S.; and analyzes the effect of these trends on U.S. economy. 
500 |a Electronic resource. 
650 0 |a Balance of trade. 
650 0 |a Budget deficits. 
650 0 |a Investments, Foreign. 
655 7 |a Electronic books.  |2 local 
710 2 |a ProQuest (Firm) 
776 0 8 |i Microfiche version:   |a Library of Congress. Congressional Research Service.  |t U.S. Trade Deficit 
830 0 |a U.S. Congressional Research. 
856 4 0 |u http://proxy.library.tamu.edu/login?url=https://congressional.proquest.com/congcomp/getdoc?CRDC-ID=CRS-2006-GVF-0526  |z Connect to the full text of this electronic book  |t 0 
999 |a MARS 
999 f f |s e93387eb-0f10-3e3e-bc44-a5d68ed29091  |i f382745e-aa97-32b2-9142-3a726c2ea9f1  |t 0 
952 f f |a Texas A&M University  |b College Station  |c Electronic Resources  |s www_evans  |d Available Online  |t 0  |e CRS-2006-GVF-0526  |h Other scheme 
998 f f |a CRS-2006-GVF-0526  |t 0  |l Available Online